History Quiz

Random History or Nation Quiz

US Presidential Elections Venn Diagram Quiz Stats

 Plays Quiz not verified by Sporcle

Score 0/8 Timer 03:00
0 Plays Today
% Correct
2016
86.3%
1944
74.6%
2004
73%
1928
63.8%
1992
59.4%
1976
50.3%
1912
46.8%
1968
46.2%

You're not logged in!

Compare scores with friends on all Sporcle quizzes.
OR
Log In

Show Comments

Extras

Top Quizzes Today


Score Distribution

Your Account Isn't Verified!

In order to create a playlist on Sporcle, you need to verify the email address you used during registration. Go to your Sporcle Settings to finish the process.

Report this User

Report this user for behavior that violates our Community Guidelines.

Details: